000 00310nam a2200109 4500
999 _c13725
_d13725
008 190403b ||||| |||| 00| 0 eng d
245 _aConflicting internet ownership rules.
260 _aPhilippines:
_bPhilippine Daily Inquirer;
_cc2018.
300 _apage B3.
650 0 _938156
_aInternet.
942 _2ddc
_cPER